Представление документа в формате MARC21

Поле Инд. ПП Название Значение
Тип записи a
Библиографический уровень b
001 Контрольный номер biot09_no3_ss91_ad1
005 Дата корректировки 20140227173055.5
008 Кодируемые данные 101116s2009||||RU|||||||||||#||||# rus0|
035 a Системный контрольный номер RUMARS-biot09_no3_ss91_ad1
2 AR-MARS
040 a Служба первич. каталог. Научная библиотека Марийского государственного университета
b Код языка каталог. rus
041 0_ a Код языка текста rus
h Код языка оригинала rus
080 a Индекс УДК 578.7
084 a Индекс другой классификации/Индекс ББК 28.31
v Таблицы для массовых библиотек
100 1_ a Автор Шубин Г. Г.
4 Код отношения 070
245 10 a Заглавие Конструирование и испытания листериозного антигенного полимерного диагностикума
c Ответственность Г. Г. Шубин [и др. ]
504 a Библиография Библиогр.: с. 95 (11 назв. )
520 a Аннотация Сконструирован антигенный полимерный диагностикум для реакции объемной агломерации, который может быть применен для определения антител к Listeria monocytogenes при серологической диагностике листериоза.
650 _4 a Основная рубрика Биология
2 Источник рубрики AR-MARS
650 _4 a Основная рубрика Частная вирусология
2 Источник рубрики AR-MARS
653 0_ a Ключевые слова Listeria monocytogenes
653 0_ a Ключевые слова листериозы
653 0_ a Ключевые слова листерии
653 0_ a Ключевые слова реакция объемной агломерации
653 0_ a Ключевые слова серологическая диагностика
653 0_ a Ключевые слова диагностикумы
653 0_ a Ключевые слова антигенный полимерный диагностикум
700 1_ a Другие авторы Ларионова Л. В.
4 Код отношения 070
700 1_ a Другие авторы Карбышев Г. Л.
4 Код отношения 070
700 1_ a Другие авторы Терентьев А. Н.
4 Код отношения 070
700 1_ a Другие авторы Наркевич А. Н.
4 Код отношения 070
773 x ISSN 0234-2758
t Название источника Биотехнология
d Место и дата издания 2009
g Прочая информация N 3. - С. 91-95
801 _0 a RU
b 42413095
c 20101116
g RCR
801 _1 a RU
b 42413095
c 20101116
801 _2 a RU
b AR-MARS
c 20101116
g RCR
801 _3 a RU
b AR-MARS
c 20101116
901 t Тип документа b
903 a code
b biot
d 464
903 a year
b 2009
903 a no
b 3
903 a ss
b 91
903 a ad
b 1
911 a Метрология, стандартизация, контроль